004540000a22001210004500090001700000245010400017041001400121700002600135100003500161942001300196773010600209999001700315 aASbSeriadas10aRanas Centrolenidae de Colombia XI. Nuevas especies de ranas cristal del género Hyalinobatrachium0 aEspañol1 aLynch, John D.9929071 aRuiz Carranza, Pedro M.994187 cARTICULO1 tRevista de la Academia Colombiana de Ciencias Exactas, Fisicas y Naturales332h85q571-586d1998g22 c14298d14298